Valute dell'Asia - Statistics

Statistiche generali
  • Questo quiz è stato fatto 18 volte
    15 dall'ultimo reset
  • Il punteggio medio è 25 su 48
Statistiche sulle risposte
Stato Valuta % Corretto
Giappone Yen giapponese
100%
Corea del Nord Won nordcoreano
91%
Corea del Sud Won sudcoreano
91%
Brunei Dollaro del Brunei
82%
Singapore Dollaro di Singapore
82%
Timor Est Dollaro statunitense
82%
Libano Lira libanese
82%
Siria Lira siriana
82%
Turchia Nuova lira turca
82%
Russia Rublo russo
82%
India Rupia indiana
82%
Indonesia Rupia indonesiana
82%
Nepal Rupia nepalese
82%
Pakistan Rupia pakistana
82%
Sri Lanka Rupia singalese
82%
Cipro Euro
73%
Filippine Peso filippino
73%
Cina Yuan
73%
Bahrein Dinaro del Bahrein
64%
Giordania Dinaro giordano
64%
Iraq Dinaro iracheno
64%
Kuwait Dinaro kuwaitiano
64%
Vietnam Dong vietnamita
55%
Oman Riyal dell'Oman
55%
Qatar Riyal del Qatar
55%
Iran Riyal iraniano
55%
Arabia Saudita Riyal saudita
55%
Yemen Riyal yemenita
55%
Emirati Arabi Uniti Dirham degli Emirati Arabi Uniti
45%
Afghanistan Afghani afghano
36%
Thailandia Baht thailandese
36%
Georgia Lari georgiano
36%
Israele Nuovo siclo israeliano
36%
Birmania Kyat birmano
27%
Azerbaigian Manat azero
27%
Turkmenistan Manat turkmeno
27%
Kirghizistan Som kirghizo
27%
Uzbekistan Som uzbeco
27%
Kazakistan Tenge kazako
27%
Armenia Dram armeno
18%
Laos Kip laotiano
18%
Bhutan Ngultrum del Bhutan
18%
Cambogia Riel cambogiano
18%
Tagikistan Somoni tagiko
18%
Malaysia Ringgit malese
9%
Maldive Rufiyaa delle Maldive
9%
Bangladesh Taka bengalese
9%
Mongolia Tugrik mongolo
9%
Nessun quiz corrispondente trovato
Distribuzione punteggi
Percentuale di utenti per punteggio
Percentile per numero di risposta
I tuoi punteggi nel tempo
Non hai fatto questo quiz dall'ultimo reset